000 00599nam a2200205 i 4500
001 66522
003 ES-MaACL
005 20250826132455.0
007 t|
008 030415s2002 sp ||||0| spa d
020 _a84-206-4144-8
040 _aM-BN
_bspa
_cM-BN
080 _a929 Marías, Julián (082.2)
245 0 3 _aUn siglo de España
_b: homenaje a Julián Marías.
260 _aMadrid :
_bAlianza Editorial,
_c[2002]
300 _a404 p. ;
_c24 cm.
600 1 4 _aMarías, Julián,
_d1914-2005-
_vHomenajes
_976689
852 _aES-MaACL
_jL-27010
_bR.132735
999 _c66522
_d66522